000 00402nam a2200133 4500
005 20260327092754.0
008 260327b |||||||| |||| 00| 0 eng d
020 _a978-978-940-902-0
100 _aMshelia Elijah Dika
245 _aTheoretical Mechanics I: Newtonian Dynamics
_c/Elijah Dika Mshelia
260 _aIbadan;
_bUniversity Press PLC;
_c2022
300 _axi,422p.ill;
_c21.3cm
942 _2lcc
_n0
_cBK
999 _c199
_d199